Rozvoj podnikateľského modelu zrelého startupu (scaleupu) diplomová práca

Salvato in:
Dettagli Bibliografici
Autore principale: Papajová, Klaudia
Ente Autore: Fakulta podnikového manažmentu EU. Katedra manažmentu
Altri autori: Slávik, Štefan, 1955-
Natura: Libro
Lingua:slovacco
Pubblicazione: Bratislava 2022
Tags: Aggiungi Tag
Nessun Tag, puoi essere il primo ad aggiungerne!!

MARC

LEADER 00000nbm a2200000 4500
001 0285437
005 20230323101056.1
041 0 |a slo 
044 |a SK 
245 1 0 |a Rozvoj podnikateľského modelu zrelého startupu (scaleupu)  |b diplomová práca  |c Klaudia Papajová ; školiteľ: Štefan Slávik 
264 1 |a Bratislava  |c 2022 
300 |a 66 s. 
100 1 |a Papajová, Klaudia 
700 1 |a Slávik, Štefan, 1955- 
710 2 |a Fakulta podnikového manažmentu EU. Katedra manažmentu